000 01661cam a2200385 i 4500
999 _c130063
_d130063
001 19105646
003 ARRUPE
005 20191118101921.0
008 160520s2017 enk b 000 0 eng
010 _a 2016023673
020 _a9781107176249 (hardback)
035 _a(DNLM)101683606
040 _aDNLM/DLC
_cDLC
_erda
_dDLC
042 _apcc
050 0 0 _aQH325
_b.N625 2017
060 1 0 _aQH 366.2
082 0 0 _a577
_223
100 1 _aNoble, Denis,
_d1936-
_eauthor.
_948749
245 1 0 _aDance to the tune of life :
_bbiological relativity /
_cDenis Noble, The University of Oxford, UK.
260 _aCambridge
_bCambridge University Press
_c2017
300 _axviii, 283 pages, 12 unnumbered pages of plates :
_billustrations (some color) ;
_c24 cm
504 _aIncludes bibliographical references.
505 0 _aThe universe and the principle of relativity -- Biological scales and levels -- Biological networks -- Nature and origin of cells -- Blind chance and natural selection -- Biological relativity -- Dancing nucleotides : natural genetic engineering -- Epigenetics and a relativistic theory of evolution -- The relativity of epistemology : the meaning of it all.
650 0 _aLife
_xOrigin.
_948750
650 0 _aRelativity.
_948751
650 0 _aCosmology.
_948752
650 0 _aEvolution (Biology)
_910545
650 1 2 _aBiological Evolution
_916219
650 2 2 _aBiodiversity
_948753
650 2 2 _aGenetic Variation
_948754
650 2 2 _aOrigin of Life
_948755
906 _a7
_bcbc
_corignew
_d1
_eecip
_f20
_gy-gencatlg
942 _2lcc
_cMONOGRAPH